Open Data Biblioteca Nacional de Portugal


República Portuguesa: Ministério da Cultura
Biblioteca Nacional de Portugal

Catálogo da BNP: acesso por Identificadores Unívocos
Registos Bibliográficos associados ao registo de autoridade

Etiqueta de registo: 00254nam 2200025 450
001 2177103
003 http://id.bnportugal.gov.pt/bib/catbnp/2177103
010 ## $a978-989-735-521-9
021 ## $aPT$b529265/24
100 ## $a20240812d2024 m y0pory01030103ba
101 0# $apor
102 ## $aPT
105 ## $aa z 000gy
106 ## $ar
200 1# $aPoemas açoreanos, 1958-1961$fJonas Negalha$gcoord. Alexandra Baptista$gil. Anita Peixoto... [et al.]
210 #9 $aPonta Delgada$cLetras Lavadas,$d2024
215 ## $a108, [1] p.$cil.$d21 cm
675 ## $a821.134.3(81)-1"19"$vBN$zpor$3295193
700 #1 $aNegalha,$bJonas,$f1933-2007$399812
702 #1 $aPeixoto,$bAnita$4440$31924464
702 #1 $aBaptista,$bAlexandra$4340$31924462
801 #0 $aPT$bBN$gRPC
856 41 $uhttp://rnod.bnportugal.gov.pt/ImagesBN/winlibimg.aspx?skey=&doc=2177103&img=197135&save=true
900 ## $aBIBNAC$d20240902
966 ## $lBN$mFGMON$sL. 172545 V.$x1
966 ## $lBN$mFGMON$sL. 172545 V.-D$x1
971 ## $cjbeatriz$d20240812
972 ## $e0$z0$d20240902$vmsebas
973 ## $cigoulao$d20240814

Etiqueta de registo: 00254nam 2200025 450
001 2284582
003 http://id.bnportugal.gov.pt/bib/catbnp/2284582
021 ## $aPT$b555285/25
100 ## $a20260416d2025 m y0pory01030103ba
101 0# $apor
102 ## $aPT
105 ## $aa z 000yy
106 ## $ar
200 1# $aCena Pop 2024$fcoord. Tiago Melo Bento, Tiago de Faria$gtextos Tiago de Faria... [et al.]$gfot. Tiago Melo Bento... [et al.]$gil. Alexandra Baptista, Ivo Baptista
210 #9 $aPonta Delgada$cCorredor Associação Cultural,$d2025
215 ## $a1 v.$cil.$d23 cm
675 ## $a7.038.5(469.9)(042)$vBN$zpor$31996366
675 ## $a792.079(469.9)(042)$vBN$zpor$31996374
702 #1 $aFaria,$bTiago$4340$31344285
702 #0 $aIvo Baptista Aka 47,$cpseud.$4440$31883764
702 #1 $aBaptista,$bAlexandra$4440$31924462
702 #1 $aBento,$bTiago Melo$4340$31483142
801 #0 $aPT$bBN$gRPC
856 41 $uhttp://rnod.bnportugal.gov.pt/ImagesBN/winlibimg.aspx?skey=&doc=2284582&img=221500&save=true
900 ## $aBIBNAC$d20260504
966 ## $lBN$mFGMON$sB.A. 53726 V.$x1
971 ## $ccsilva$d20260416
972 ## $e0$z0$d20260504$vasantos
973 ## $ctrodrigues$d20260420

OpendataBNP@bnportugal.pt | Mais informação sobre acesso aos dados BNP